[Event "MK Cafe Cup-A"]
[Site "Koszalin"]
[Date "1999.08.11"]
[Round "8"]
[White "Romanishin, Oleg M"]
[Black "Sulskis, Sarunas"]
[Result "1-0"]
[WhiteElo "2567"]
[BlackElo "2521"]
[Annotator "Horn,Peter"]
[PlyCount "107"]
[EventDate "1999.08.03"]
[EventType "swiss"]
[EventRounds "9"]
[EventCountry "POL"]
[SourceTitle "CBM 073"]
[Source "ChessBase"]
[SourceDate "1999.12.01"]
[SourceVersion "1"]
[SourceVersionDate "1999.12.01"]
[SourceQuality "1"]

1. Nf3 d5 2. g3 c6 3. Bg2 Bg4 4. c4 Bxf3 5. Bxf3 Nf6 6. O-O ({RR} 6. Qb3 Qd7 7. d4 e6 8. O-O b5 9. cxb5 cxb5 10. Rd1 a6 11. a4 b4 12. Bg5 Be7 13. Bxf6 Bxf6 14. e4 Nc6 15. exd5 Nxd4 16. dxe6 Nxb3 17. exd7+ Kd8 18. Bxa8 Nxa1 19. Nd2 Kc7 20. Rc1+ Kb8 {Giri,A (2756)-Gajewski,G (2621) Germany 2017 1-0}) ({RR} 6. Qb3 Qb6 7. d3 e6 8. Be3 Qxb3 9. axb3 a6 10. O-O Nbd7 11. d4 Bd6 12. Nc3 h6 13. Bg2 O-O 14. f3 b5 15. Bf2 Rfb8 16. c5 Bc7 17. e4 Re8 18. e5 Nh7 19. f4 f5 20. exf6 Nhxf6 {Romanishin,O (2463)-Krishna Teja,N (2253) Sitges 2016 ½-½}) 6... d4 $146 {Schon 4...xf3 kam einigermaßen überraschend; selbiges gilt für 6...d4: zunächst gibt Schwarz das Läuferpaar auf, um dann dem konkurrenzlosen f3 "seine" Diagonale zu verlängern. Dennoch gibt es in manchen Varianten eine derartige Konstellation (f3+c6+d4). In aller Regel gibt es dabei konkrete Umstände, die Schwarz zu einem derartigen Vorgehen überreden (z.B. geschieht d5-d4 häufig mit Tempo). Die Strategie ist dann meist folgende: Weiß bemüht sich durch Vorgehen am Damenflügel, die Diagonale h1-a8 noch länger zu machen, während Schwarz e7-e5-e4 anstrebt.} (6... e6) ({RR} 6... e6 7. d3 Nbd7 8. cxd5 cxd5 9. Nc3 Be7 10. Bd2 O-O 11. a3 Rc8 12. Bg2 a6 13. b4 b5 14. Qb3 Nb6 15. Rfc1 Ng4 16. Nd1 Bf6 17. Rab1 Qd7 18. Rxc8 Rxc8 19. Rc1 Rxc1 20. Bxc1 Qc8 21. Bd2 {Terentiev,V (2300)-Provotorov,I (2398) Voronezh 2008 0-1 (33)}) ({RR} 6... e6 7. cxd5 exd5 8. d3 Be7 9. Qb3 Qb6 10. Qc2 Nbd7 11. Nc3 O-O 12. Bg2 Rfe8 13. e4 dxe4 14. dxe4 Rad8 15. Be3 Qc7 16. Nd5 Nxd5 17. exd5 Ne5 18. dxc6 bxc6 19. Rac1 c5 20. Be4 c4 21. Bxh7+ {Ghevondyan,A (2216)-Achuthan,A (2015) chess.com INT 2024 1-0}) 7. e4 {Damit verabschiedet sich Romanishin von den oben angedeuteten strategischen Bildern.} ({Es gab tatsächlich schon einen Vorläufer dieser Stellung:} 7. d3 e5 8. e3 h5 9. exd4 Qxd4 10. Nc3 h4 11. Be3 {Lappalainen,S-Terasalo,K/Vantaa 1996}) 7... e5 8. d3 {Nun gibt es ein strategisches Thema ganz anderer Art: wie wirkt sich der Tausch g4 gegen f3 in der verschachtelten Zentralstellung aus ? Der f3 schaut momentan nur seinen e4 an, aber dafür hat Schwarz seinen "guten"  gegeben.} a5 9. Bg2 {[%cal Yf2f4] Bei der verschachtelten Bauernstruktur im Zentrum ergibt sich der weiße Plan von selbst: irgendwann muß der f2 nach f4. Der g2 findet (falls sich nicht doch noch irgendwie die lange Diagonale öffnet) sein Idealfeld irgendwann auf h3.} h5 {sucht Nutzen aus der eigenen Unterentwicklung zu ziehen.} 10. Bg5 (10. f4) 10... Be7 11. Nd2 Nfd7 12. Bxe7 Qxe7 13. h4 $1 (13. f4 h4 {sieht recht ordentlich aus für Schwarz.}) 13... g6 ({Zu} 13... g5 14. hxg5 (14. Nf3 f6) 14... h4 {fehlte Sulskis angesichts des unentwickelten Damenflügels das Vertrauen.} (14... Qxg5 15. Nf3 $16) 15. Qg4 $16) 14. Nf3 Na6 15. Bh3 Nac5 16. Qd2 Kf8 (16... Rg8 {[%cal Yf7f6,Yg6g5]}) 17. Ne1 {[%cal Ye1g2]} Kg7 18. Ng2 Rhb8 {[%cal Yb7b5] Der Plan ist nicht sehr wirkungsvoll.} (18... b5 19. Rac1) 19. f4 b5 (19... exf4 20. gxf4 {zeigt, weswegen der  nach g2 mußte.}) 20. Rac1 bxc4 $2 (20... b4 {wäre natürlich eine Bankrotterklärung der schwarzen Strategie: er könnte sich nur noch verteidigen.}) 21. Rxc4 Rb4 22. Rc2 {Es zeigt sich, daß die ganze Aktion am Damenflügel dem Weißen nur neue Handhaben geliefert hat: die c-Linie und die wackelige Stellung von c5+d7.} Rab8 23. f5 R4b5 24. Ne1 {[%cal Ye1f3] Nach f5 ist der g2 frei, sich einen besseren Ort zu suchen.} Qd6 25. Nf3 Nf6 (25... Nf8 {sieht auch nicht besser aus.}) 26. fxg6 fxg6 27. Ng5 {[%cal Yc2c5] Angesichts der ideal plazierten weißen Figuren dürfte es hier keine Rettung mehr geben.} Re8 (27... Kg8 28. Be6+ $18) (27... Ncd7 28. Ne6+ Kh7 29. Qg5 $18) (27... Rf8 28. a4 $18) 28. Qd1 (28. Qc1 $1 $18 a4 (28... Nxd3 29. Rxc6 Nxc1 30. Rxd6 $18) 29. Rxf6 Qxf6 (29... Kxf6 30. Rf2+ Ke7 (30... Kg7 31. Nf7 $18 {[%cal Rc1h6]}) 31. Nf7 $18) 30. Rxc5 $18) 28... Rb7 29. Rcf2 Rf8 (29... Ncd7 30. Qc1 $18 {[%cal Rh3d7]}) 30. Qc2 $18 {[%cal Yc2c4] Die Löcher am Königsflügel hat Schwarz mit letzter Kraft gestopft, aber nun ist er am Damenflügel hilflos.} Re7 (30... Kh8 31. Qc4 Qe7 32. Rc1 $18) 31. Qc4 a4 32. Rc2 ({Gemein wäre} 32. a3 {wonach sich herausstellen würde, daß Schwarz seine Stellung nur verschlechtern könnte.}) 32... Nfd7 33. Rxf8 Kxf8 34. Bxd7 {Es führen hier und im folgenden viele Wege nach Rom.} (34. Rf2+ Nf6 (34... Kg7 35. Rf7+ $18) 35. Rxf6+ Qxf6 36. Qxc5 $18) 34... Nxd7 35. Qxa4 (35. Qxc6 Qxc6 36. Rxc6 $18) 35... c5 36. b4 (36. Qc4 $18) 36... Kg7 37. bxc5 Nxc5 38. Qb5 Nd7 39. Rc6 Qa3 40. Qb3 Qa5 41. Rc1 Qd2 42. Rf1 Nf6 43. Ne6+ Kf7 44. Ng5+ (44. Nxd4+ Kg7 45. Ne6+ Kf7 46. Ng5+) 44... Kg7 45. Qa3 Ng8 46. Rf2 Qc3 47. Qxc3 (47. Qd6 $18) 47... dxc3 48. Rc2 Nf6 49. Rxc3 Kh6 50. Rc6 Ng4 51. Rc8 Nf6 52. Rc6 Ng4 53. Rc8 Nf6 54. Kf1 1-0

[Event "VISA Nordic GP Final"]
[Site "Gentofte"]
[Date "1999.08.20"]
[Round "13"]
[White "Hillarp Persson, Tiger"]
[Black "Hector, Jonny"]
[Result "1-0"]
[WhiteElo "2507"]
[BlackElo "2505"]
[Annotator "Horn,Peter"]
[PlyCount "80"]
[EventDate "1999.08.05"]
[EventType "tourn"]
[EventRounds "13"]
[EventCountry "DEN"]
[EventCategory "9"]
[SourceTitle "CBM 073"]
[Source "ChessBase"]
[SourceDate "1999.12.01"]
[SourceVersion "1"]
[SourceVersionDate "1999.12.01"]
[SourceQuality "1"]

1. g3 d5 2. Bg2 c6 3. Nf3 Bg4 4. O-O Nd7 5. d3 e5 6. e4 dxe4 7. dxe4 Ngf6 8. Nbd2 Qc7 9. h3 Bxf3 {Die freiwillige Aufgabe des Läuferpaars findet erstaunlich viele Anhänger.} (9... Bh5) 10. Qxf3 Nc5 (10... Bc5 11. Rb1 O-O (11... a5) 12. b4 Be7 13. Nc4 Rfe8 14. h4 h5 15. Bh3 b5 16. Ne3 g6 17. c4 Nb6 18. cxb5 cxb5 19. Bb2 Rad8 (19... Qc6 $1 $11) 20. Rfc1 $14 {Cvitan,O-Kummer,H/Oberwart 1996}) 11. a4 (11. Re1 Ne6 12. Bf1 h5 13. h4 Rd8 14. c3 Ng4 15. Nc4 Bc5 16. Ne3 Bxe3 17. Bxe3 Nxe3 18. Rxe3 g6 19. Qf6 O-O 20. Bc4 $14 {Anastasian,A-Toria,G/Erevan 1983}) 11... Be7 12. Nc4 O-O 13. Qe2 Ne6 14. c3 Rad8 $146 (14... Nc5 15. f4 (15. Qc2) 15... Nfd7 (15... Nb3 16. fxe5 $13) 16. Be3 $14 a5 $2 17. fxe5 Nxe5 $2 18. Nxe5 Qxe5 19. Rf5 $18 {Kapischka,J-Lehmann,K/BL2-N 1992}) ({RR} 14... Nc5 15. f4 Nfd7 16. Be3 a5 17. fxe5 Nxe5 18. Nxe5 Qxe5 19. Rf5 Qxg3 20. Bxc5 Bxc5+ 21. Rxc5 Rfd8 22. Rf5 Rd7 23. Raf1 Qc7 24. e5 Re8 25. e6 Ree7 26. exd7 Rxe2 27. Rxf7 {1-0 (27) Kapischka,J-Lehmann,K (2310) Germany 1992}) 15. b4 b5 16. Ne3 a5 (16... a6 17. Nf5 $14) 17. axb5 axb4 (17... cxb5 18. Nd5 Nxd5 19. exd5 Qxc3 20. Be3 Nd4 21. Bxd4 Qxd4 22. bxa5 $16) 18. bxc6 Qxc6 (18... bxc3 19. Nd5 Nd4 20. Qd3 Nxd5 (20... Nb3 21. Nxe7+ Qxe7 22. Qxc3 Nxa1 23. Ba3 $16) 21. exd5 $16) 19. Nf5 (19. cxb4 Bxb4 20. Nd5 Nd4 21. Qd3 Nxd5 22. exd5 $14) (19. Nd5 Nxd5 20. exd5 Qxc3 21. Be3 Nd4 22. Bxd4 Qxd4 23. Rad1 $11) 19... Rfe8 (19... Bc5 20. cxb4 Bxb4 21. Bb2 Nd4 22. Nxd4 exd4 23. e5 Qe6 24. Qb5 Rb8 25. Bb7 Qd7 26. Qxb4 Rxb7 27. Qxd4 $16) 20. Nxe7+ Rxe7 21. cxb4 Nd4 22. Qb2 (22. Qa6 Qxa6 23. Rxa6 Rb7 24. Ba3 $16) 22... Rb7 23. Be3 Qc4 24. Rab1 ({Mit} 24. Rfb1 {konnte Weiß den b4 zunächst behaupten:} Rdb8 $140 $2 (24... Nc2 $2 {geht garnicht:} 25. Rc1 $18) (24... h6 $142 25. Kh2 Rdb8 26. Qa2 {führt zu Situationen wie in der Partie.} (26. Bd2 Qe2 {ist nicht die Stellung, die man einem Angriffsspieler wie Hector gerne gestattet. Z.B.:} 27. Bc3 Nf3+ 28. Bxf3 Qxf3 $13) 26... Qxa2 27. Rxa2 Rxb4 28. Rxb4 Rxb4 29. Ra5 $14) 25. Bxd4 exd4 26. e5 Nd5 27. Rc1 $18) 24... Rdb8 25. Qd2 {Diesen Zug hat Weiß mit ab1 vorbereitet.} (25. Bd2 Nxe4 $1) 25... Rxb4 $14 {Schwarz besitzt jetzt angesichts der reduzierten Bauernstellung ausgezeichnete Remischancen; er hat aber angesichts des Kampfes 2  gegen 2  auch gute Chancen, noch lange gequält zu werden.} 26. Rxb4 Rxb4 (26... Qxb4 {gefällt mir besser:} 27. Qxb4 ({Weiß entkommt dem Tausch kaum:} 27. Qa2 Qb2 28. Qa6 Qe2) 27... Rxb4 28. Ra1 $14) 27. Kh2 h6 {Der g8 braucht Luft.} 28. Rc1 Qb5 29. Rc8+ Kh7 30. Qa2 {[%cal Ya2a8,Ya2f7]} Qb7 31. Rd8 Ne6 ({Es überrascht nicht, daß Schwarz nach} 31... Nxe4 $2 {größere Schwierigkeiten bekommt:} 32. Ra8 Nc6 (32... Nb5 33. Qa5 $40 {[%cal Ya5d8]}) (32... Nb3 33. Ra7 Qd5 34. Qa3 (34. Re7 $5) 34... Qc4 35. Rxf7 $16) 33. Rf8 $40) 32. Ra8 Rb2 (32... Nxe4 33. Ra7 Qc6 34. Rxf7 $16) 33. Qa4 Rb4 34. Qa3 Rb3 35. Qa1 Rb1 36. Ra7 Qb3 $2 {Zeitnot ? Damit steht einfach der e5 ein.} (36... Rxa1 37. Rxb7 $16) 37. Qxe5 $18 Qd1 38. f4 {Vielleicht war Hector dies entgangen.} Qh5 39. Qxh5 Nxh5 40. Rxf7 Rb3 1-0

[Event "Wch U20"]
[Site "Yerevan"]
[Date "1999.09.25"]
[Round "8"]
[White "Aronian, Levon"]
[Black "Asrian, Karen"]
[Result "1-0"]
[WhiteElo "2518"]
[BlackElo "2575"]
[PlyCount "85"]
[EventDate "1999.09.18"]
[EventType "swiss"]
[EventRounds "13"]
[EventCountry "ARM"]
[SourceTitle "CBM 072 Extra"]
[Source "ChessBase"]
[SourceDate "1999.11.18"]
[SourceVersion "1"]
[SourceVersionDate "1999.11.18"]
[SourceQuality "1"]

1. Nf3 {Horn,Peter} Nf6 2. g3 d5 3. Bg2 c6 4. O-O Bg4 5. d3 Nbd7 6. Nbd2 e5 7. e4 dxe4 8. dxe4 Bc5 9. h3 Bh5 10. Qe1 O-O 11. Nc4 Re8 12. a4 Qc7 ({RR} 12... b5 13. Na5 Qc7 14. Bd2 Nb6 15. b3 Nfd7 16. Nh4 f6 17. axb5 cxb5 18. Nf5 Bf8 19. Ne3 Nc5 20. Nd5 Qd7 21. Bb4 Rac8 22. Qe3 Qf7 23. Ra2 f5 24. c4 f4 25. Qd2 f3 26. Bh1 Nxe4 27. Qe3 {Praggnanandhaa,R (2690)-Maghsoodloo,P (2719) Ajka HUN 2023 0-1 (37)}) 13. Nh4 Rad8 ({RR} 13... a5 14. Bd2 b6 15. Bc3 Nf8 16. Kh1 N6d7 17. f4 f6 18. fxe5 Nxe5 19. Nxe5 fxe5 20. g4 Bf7 21. Qg3 Ng6 22. Nf5 Bc4 23. Rfd1 Rad8 24. b3 Ba6 25. Bf1 Rxd1 26. Rxd1 Bxf1 27. Rxf1 b5 28. h4 {Meshkovs,N (2576)-Dubrovin,R (2219) Tallinn EST 2023 1-0 (37)}) 14. Bg5 ({RR} 14. Bd2) 14... Bg6 $146 ({RR} 14... h6 15. Bd2 Nh7 16. Kh1 Nb6 ({RR} 16... Ng5 17. f4 exf4 18. Bxf4) 17. Ne3 ({RR} 17. Ba5 Ng5 18. f4 ({RR} 18. g4 Bg6 19. b4 Be7 20. Bxb6 axb6 21. Nxg6 fxg6 22. Qc3 Nf7 ({RR} 22... Bf6)) 18... exf4 19. gxf4 Ne6 20. Nf5 Nd4 ({RR} 20... Nxf4 21. Qg3 Ne6 22. Nxh6+)) 17... Ng5 18. Ba5 ({RR} 18. a5 Nc8 19. Nc4 ({RR} 19. g4 Bg6) 19... Nd6) 18... Ne6 19. b4 ({RR} 19. g4 Bg6 20. Nxg6 fxg6) ({RR} 19. Nhf5) 19... Bxe3 ({RR} 19... Be7 20. Nhf5 ({RR} 20. c4 Bxh4 21. gxh4 c5 22. Nd5 Qc6) 20... Nd4 21. c4) 20. Qxe3 ({RR} 20. fxe3 f6 21. Nf5 Rd7 22. Qf2 Red8 23. Nxh6+ gxh6 24. Qxf6 Ng7 25. Qxh6 Rd2) 20... Nc4 ({RR} 20... Nd4 21. Bxb6 axb6 22. Rac1) 21. Bxc7 Nxe3 22. fxe3 Nxc7 23. g4 Bg6 24. Nxg6 fxg6 25. Rfd1 Kf7 26. Bf1 Rxd1 27. Rxd1 Ke7 28. Kg2 Rd8 29. Bd3 {Aronian,L (2551)-Hracek,Z (2612) Germany 2001 CBM 082 [Horn,Peter] ½-½ (55)}) 15. Nxg6 hxg6 16. c3 a5 17. h4 b6 18. Bh3 Be7 19. b4 axb4 20. cxb4 b5 21. axb5 cxb5 22. Na5 Nb6 23. Qe2 Nc4 24. Rfc1 Rd4 25. Be3 Rxe4 26. Bg2 Rg4 27. Bc6 Rb8 28. Nxc4 Rxc4 29. Rxc4 bxc4 30. b5 c3 31. Qc4 c2 32. Rc1 e4 33. Qe2 Bd6 34. Kg2 Qa5 35. Rxc2 Bc7 36. Qd2 Ng4 37. Bd4 Qxd2 38. Rxd2 e3 39. fxe3 Ne5 40. Rc2 Nxc6 41. Rxc6 Ba5 42. b6 Kf8 43. Kf3 1-0

[Event "ARM-ch"]
[Site "Yerevan"]
[Date "1999.10.24"]
[Round "9"]
[White "Aronian, Levon"]
[Black "Minasian, Artashes"]
[Result "1-0"]
[WhiteElo "2518"]
[BlackElo "2600"]
[PlyCount "71"]
[EventDate "1999.10.16"]
[EventType "tourn"]
[EventRounds "11"]
[EventCountry "ARM"]
[EventCategory "10"]
[SourceTitle "CBM 074"]
[Source "ChessBase"]
[SourceDate "2000.02.01"]
[SourceVersion "1"]
[SourceVersionDate "2000.02.01"]
[SourceQuality "1"]

1. Nf3 Nf6 2. g3 c5 3. b3 Nc6 4. Bb2 d5 5. Bg2 e6 6. O-O g6 7. d4 cxd4 8. Nxd4 Bg7 9. c4 Nxd4 10. Qxd4 Nh5 11. Qd2 dxc4 12. Bxg7 $146 ({RR} 12. Qxd8+ Kxd8 13. Rd1+ Kc7 14. Nc3 a6 15. g4 Nf6 16. Na4 Ne8 17. Rac1 Bxb2 18. Rxc4+ Kb8 19. Nxb2 Nf6 20. Rf4 Nd5 21. Rxf7 Nc3 22. Rd2 Ra7 23. a4 b5 24. Rxa7 Kxa7 25. a5 Nd5 26. Nd3 Rf8 {Krasnov,V (2172)-Grigoriev,Y (2054) St Petersburg 2006 1-0 (57)}) 12... Nxg7 13. Qc3 O-O 14. Qxc4 Rb8 15. Qf4 Bd7 16. Rd1 Nh5 17. Qe3 b6 18. Nc3 Nf6 19. Nb5 Ng4 20. Qf3 Qe7 21. Nxa7 Qa3 22. Qxg4 Qxa7 23. a4 Rbc8 24. Rd6 Rc7 25. Qd4 Rb8 26. h4 h5 27. Be4 Be8 28. Rd1 Qa5 29. Kg2 b5 30. Qe5 Qa7 31. a5 Qxa5 32. Rd8 Qa7 33. R1d7 Rxd7 34. Rxb8 Re7 35. Bc6 f6 36. Qxb5 1-0

[Event "AUT-chT 9900"]
[Site "Austria"]
[Date "2000.01.16"]
[Round "8.1"]
[White "Movsesian, Sergei"]
[Black "Pinter, Jozsef"]
[Result "1-0"]
[WhiteElo "2659"]
[BlackElo "2554"]
[PlyCount "139"]
[EventDate "1999.10.22"]
[EventType "team-tourn"]
[EventRounds "11"]
[EventCountry "AUT"]
[SourceTitle "EXT 2000"]
[Source "ChessBase"]
[SourceDate "1999.11.16"]
[SourceVersion "1"]
[SourceVersionDate "1999.11.16"]
[SourceQuality "1"]
[WhiteTeam "Melk-Wachau SK NOE"]
[BlackTeam "Fuerstenfeld SK Gesundheitstreff Spk"]
[WhiteTeamCountry "AUT"]
[BlackTeamCountry "AUT"]

1. Nf3 Nf6 2. g3 d5 3. Bg2 c6 4. O-O Bg4 5. d3 Nbd7 6. Nbd2 e5 7. e4 dxe4 8. dxe4 Bc5 9. h3 Bh5 10. Qe1 O-O 11. Nc4 Qc7 12. a4 ({RR} 12. Bd2 b5 13. Na5 Bb6 14. a4 Bg6 15. Nh4 Nc5 16. Nxg6 hxg6 17. axb5 cxb5 18. Bb4 Rfd8 19. Ra3 Na6 20. Rc3 Qd7 21. Rd3 Qc7 22. Rxd8+ Rxd8 23. c3 Bxa5 24. Bxa5 Qxa5 25. Qe3 Qb6 26. Qe2 Nc5 {Javakhadze,Z (2412)-Wijerathna,V (2046) chess.com INT 2025 0-1 (39)}) 12... Rfe8 13. Nh4 Nb6 ({RR} 13... b5 14. Na5 Bb6 15. Nb3 a6 16. a5 Ba7 17. Bg5 h6 18. Be3 c5 19. c4 Rab8 20. Nd2 Nf8 21. f4 exf4 22. gxf4 Ne6 23. e5 Nd7 24. Qg3 Ndf8 25. Ne4 Kh8 26. Nd6 Nd4 27. Bxd4 cxd4 28. Nhf5 {Movsesian,S (2711)-Buhmann,R (2603) Germany 2009 1-0 (34)}) 14. Ne3 a5 $146 ({RR} 14... Nfd7 15. Kh2 f6 16. Nef5 Bf7 17. Qd1 Kh8 18. Qg4 Bf8 19. b3 g6 20. Ne3 Rad8 21. Bb2 Bg7 22. Rad1 Nf8 23. Rxd8 Qxd8 24. Qe2 Ne6 25. Qe1 Qc7 26. Qa1 Nd7 27. Ng4 h5 28. Ne3 Kh7 29. Rh1 {Tsoi,D (2393)-Kusa,J (2070) Riga 2018 1-0 (51)}) 15. Bd2 Nbd7 16. Nc4 b6 17. Kh1 Qd8 18. Nf5 Bg6 19. Nfd6 Re6 20. Nb7 Qc7 21. Nxc5 Nxc5 22. f3 Nfd7 23. Be3 Nb7 24. Qf2 c5 25. f4 exf4 26. Bxf4 Qc6 27. e5 Be4 28. Rad1 Nf8 29. Rfe1 Bxg2+ 30. Qxg2 h6 31. h4 Qxg2+ 32. Kxg2 Rae8 33. Re3 Rc8 34. Rd5 Rc7 35. Rb3 Rcc6 36. Rbd3 Re7 37. h5 Kh7 38. g4 Kg8 39. Bg3 Re8 40. Kf2 g6 41. Bh4 g5 42. Bg3 Re7 43. Rb3 Ree6 44. Kf3 Kh7 45. Ke4 Kg8 46. Rd1 Kg7 47. Rbd3 Rc7 48. Rd5 Kg8 49. Bf2 Kg7 50. Ne3 Kh7 51. Nf5 Kg8 52. Kd3 Nd7 53. Kc3 Nf8 54. Kc4 Rc8 55. Bg3 Rc7 56. c3 Rc8 57. R1d2 Rc7 58. Ne3 Rc8 59. Rf2 Rc7 60. Rd1 Kg7 61. Rf6 Kh7 62. Rdf1 Nd8 63. Nd5 Rb7 64. Kb5 Nd7 65. Rxe6 fxe6 66. Ne3 Kg7 67. Nc4 Rc7 68. Nd6 Kg8 69. Ne8 c4 70. Nxc7 1-0

[Event "Bastia Cup"]
[Site "Bastia"]
[Date "1999.12.04"]
[Round "1.3"]
[White "Akopian, Vladimir Eduardovic"]
[Black "Kharlov, Andrei"]
[Result "1-0"]
[WhiteElo "2646"]
[BlackElo "2615"]
[PlyCount "103"]
[EventDate "1999.11.??"]
[EventType "k.o. (rapid)"]
[EventRounds "4"]
[EventCountry "FRA"]
[SourceTitle "CBM 073 Extra"]
[Source "ChessBase"]
[SourceDate "2000.01.11"]
[SourceVersion "1"]
[SourceVersionDate "2000.01.11"]
[SourceQuality "1"]

1. Nf3 d5 2. g3 Bg4 3. Bg2 Nd7 4. O-O c6 5. d3 e5 6. e4 dxe4 7. dxe4 Ngf6 8. Nbd2 Be7 9. h3 ({RR} 9. Qe1 O-O 10. h3 Bh5 11. Nc4 Qc7 12. Nh4 Rfe8 13. Bd2 b5 14. Ba5 Qb7 15. Ne3 Nc5 16. Nhf5 Bf8 17. f3 Bg6 18. Rd1 Qa6 19. a3 Nb7 20. Bd2 Rad8 21. Kh2 Qa4 22. Bc3 Bxf5 23. Rxd8 Nxd8 {Miroshnichenko,E (2690)-Rublevsky,S (2703) Kragujevac 2009 ½-½ (37)}) 9... Bxf3 10. Bxf3 ({RR} 10. Qxf3 O-O 11. Nc4 Qc7 12. Rd1 Nc5 13. Qe2 Rfd8 14. Bg5 h6 15. Bxf6 Bxf6 16. Ne3 Bg5 17. Ng4 Ne6 18. h4 Be7 19. c3 Bc5 20. Bh3 a5 21. Rxd8+ Rxd8 22. Rd1 Rxd1+ 23. Qxd1 h5 24. Nh2 Qb6 {Maltsevskaya,A (2364)-Gunina,V (2425) FIDE Online Arena INT 2024 1-0 (52)}) 10... O-O 11. a4 $146 ({RR} 11. Nc4 Qc7 12. a4 b6 13. b3 Rfe8 14. Bb2 Bf8 15. Qe2 a5 16. Rfd1 Nc5 17. Bc3 Nfd7 18. Kg2 Ne6 19. Bg4 Bc5 20. Bxe6 Rxe6 21. Rd2 Nf6 22. Qd3 Be7 23. Qf3 Nd7 24. Rxd7 Qxd7 25. Nxb6 Qb7 {Profumo,A (2240)-Lapiccirella,D (2086) Milan 2003 1-0 (32)}) 11... a5 12. Qe2 Nc5 13. Nc4 Qc7 14. b3 Ne6 15. Bb2 Nd4 16. Bxd4 exd4 17. e5 Nd5 18. Qe4 Nb4 19. Rad1 Rad8 20. Rxd4 Rxd4 21. Qxd4 Nxc2 22. Qd2 Nb4 23. Rd1 Rd8 24. Nd6 g6 25. Qd4 Bf8 26. Qf4 Bg7 27. Kg2 Qe7 28. Nc4 Rxd1 29. Bxd1 b5 30. Nxa5 Bxe5 31. Qe4 Bd6 32. Qxe7 Bxe7 33. Bf3 Bd8 34. Nb7 Bc7 35. Nc5 Kf8 36. axb5 cxb5 37. Be2 Ke7 38. Bxb5 Kd6 39. Ne4+ Ke5 40. Nd2 Kd4 41. Nf3+ Kc3 42. Bc4 f6 43. Bg8 h6 44. Ne1 Kd2 45. Nf3+ Kd3 46. Ne1+ Kd4 47. Nf3+ Kc5 48. h4 Kd6 49. Bf7 g5 50. hxg5 hxg5 51. Nd4 Ke7 52. Nf5+ 1-0

[Event "Elgoibar 09th"]
[Site "Elgoibar"]
[Date "1999.??.??"]
[Round "8"]
[White "Ubilava, Elizbar"]
[Black "Lazarev, Vladimir"]
[Result "1-0"]
[WhiteElo "2556"]
[BlackElo "2501"]
[PlyCount "99"]
[EventDate "1999.11.??"]
[EventType "tourn"]
[EventRounds "9"]
[EventCountry "ESP"]
[EventCategory "9"]
[SourceTitle "CBM 075"]
[Source "ChessBase"]
[SourceDate "2000.04.05"]
[SourceVersion "1"]
[SourceVersionDate "2000.04.05"]
[SourceQuality "1"]

1. g3 c5 2. Bg2 Nc6 3. Nf3 e5 4. O-O g6 ({RR} 4... d6 5. c3 f5 6. d4 cxd4 7. cxd4 e4 8. Ne1 Nf6 9. d5 Ne5 10. Nc3 Be7 11. Nc2 O-O 12. Nd4 Bd7 13. Qb3 b5 14. Bf4 Kh8 15. Ne6 Bxe6 16. dxe6 Rb8 17. Rfd1 Ng6 18. Be3 a5 19. a4 {Meskovs,N (2582)-Bortnyk,M (2473) Chess.com INT 2020 1-0 (41)}) 5. Nc3 ({RR} 5. e4 Bg7 6. Ne1 Nge7 7. f4 d6 8. Nc3 O-O 9. d3 Be6 10. h3 Qd7 11. g4 f5 12. exf5 gxf5 13. g5 d5 14. Nf3 e4 15. Nh2 d4 16. Ne2 e3 17. c4 Rab8 18. a4 a6 19. a5 Qc7 {Sai,K (2402)-Bochnicka,V (2376) chess.com INT 2024 0-1}) 5... Bg7 6. a3 a5 $146 ({RR} 6... Nge7 7. b4 d6 8. Rb1 O-O 9. d3 Rb8 10. Nd2 b6 11. e4 Be6 12. Nd5 Qd7 13. b5 Na5 14. c4 f5 15. f4 exf4 16. Nxf4 Bf7 17. exf5 Nxf5 18. Ne4 Kh8 19. Ng5 Bg8 20. Qg4 Bd4+ 21. Kh1 {Gutman,L (2470)-Ward,C (2500) Tyniste 1995 1-0 (35)}) ({RR} 6... Nge7 7. b4 cxb4 8. axb4 Nxb4 9. Ba3 Nec6 10. Nb5 e4 11. Nd6+ Kf8 12. Nxe4 d5 13. Nc5 Bxa1 14. Qxa1 Kg8 15. Bb2 d4 16. c3 Nd5 17. Nxd4 Nxd4 18. cxd4 b6 19. e4 bxc5 20. dxc5 f6 21. exd5 {Fernandez,D (2466)-Womacka,M (2449) Chess.com INT 2019 1-0}) 7. e4 Nge7 8. d3 d6 9. Nd2 O-O 10. Nc4 Be6 11. a4 f5 12. Nd5 h6 13. f4 Kh8 14. c3 Rb8 15. Be3 b6 16. Qd2 Kh7 17. Rae1 Bg8 18. Bf2 fxe4 19. dxe4 exf4 20. gxf4 Nxd5 21. exd5 Ne7 22. Bh4 Bf6 23. Bxf6 Rxf6 24. Rf2 Nf5 25. Qe2 Qd7 26. b3 Rff8 27. Qg4 Qg7 28. Qh3 b5 29. axb5 Rxb5 30. Nd2 a4 31. bxa4 Ra5 32. Ne4 Rxa4 33. Ng5+ Kh8 34. Ne6 Bxe6 35. dxe6 Ne7 36. Qd3 d5 37. Bxd5 Raxf4 38. Rxf4 Rxf4 39. Bg2 Kh7 40. Qd6 Rf5 41. Rb1 h5 42. Rb7 Qxc3 43. Qxe7+ Kh6 44. Rb1 Qe3+ 45. Kh1 c4 46. h4 c3 47. Qd8 Qe5 48. e7 c2 49. Rc1 Qb2 50. Qd2+ 1-0